Statistics for Eurovision winning songs (1956-2019)

Click here to take the quiz!

General Stats

  • This quiz has been taken 17 times
    (8 since last reset)
  • The average score is 31 of 67

Answer Stats

YearArtistSong% Correct
2014Conchita WurstRise Like a Phoenix
100%
1974ABBAWaterloo
100%
2016Jamala1944
86%
2012LoreenEuphoria
86%
2006LordiHard Rock Hallelujah
86%
2015Måns ZelmerlöwHeroes
86%
1987Johnny LoganHold Me Now
86%
1968MassielLa, La, La
86%
2010LenaSatellite
86%
1998Dana InternationalDiva
71%
2009Alexander RybakFairytale
71%
1979Gali Atari & Milk and HoneyHallelujah
71%
1956Lys AssiaRefrain
71%
2018NettaToy
71%
1980Johnny LoganWhat's Another Year?
71%
1970DanaAll Kinds of Everything
57%
2019Duncan LaurenceArcade
57%
1969LuluBoom-Bang-A-Bang
57%
1982NicoleEin bißchen Frieden
57%
2000Olsen BrothersFly On The Wings of Love
57%
1995Secret GardenNocturne
57%
2013Emmelie de ForestOnly Teardrops
57%
1967Sandie ShawPuppet on a String
57%
1976Brotherhood of ManSave Your Kisses For Me
57%
1996Eimear QuinnThe Voice
57%
2004RuslanaWild Dances
57%
1978Izhar Cohen and the AlphabetaA-Ba-Ni-Bi
43%
2017Salvador SobralAmar pelos dois
43%
1972Vicky LeandrosAprès toi
43%
2008Dima BilanBelieve
43%
1969Lenny KuhrDe Troubadour
43%
1975Teach-inDing-a-Dong
43%
2003Sertab ErenerEveryway that I Can
43%
1993Niamh KavanaghIn Your Eyes
43%
2002Marie NI Wanna
43%
1966Udo JürgensMerci, Chérie
43%
2007Marija ŠerifovićMolitva
43%
2005Helena PaparizouMy Number One
43%
1965France GallPoupée de cire, poupée de son
43%
1989RivaRock Me
43%
1994Paul Harrington and Charlie McGettiganRock 'n' Roll Kids
43%
2011Ell & NikkiRunning Scared
43%
1960Jacqueline BoyerTom Pillibi
43%
1971SéverineUn Banc, un Arbre, une Rue
43%
1969SaloméVivo cantando
43%
1984HerreysDiggi-Loo Diggi-Ley
29%
1959Teddy ScholtenEen Beetje
29%
2001Tanel Padar, Dave Benton and 2XLEverybody
29%
1990Toto CutugnoInsieme: 1992
29%
1986Sandra KimJ'aime La Vie
29%
1997Katrina and the WavesLove, Shine A Light
29%
1964Gigliola CinquettiNon ho l'età
29%
1999Charlotte NilssonTake Me To Your Heaven
29%
1973Anne-Marie DavidTu te reconnaîtras
29%
1992Linda MartinWhy Me?
29%
1963Grethe and Jørgen IngmannDansevise
14%
1958André ClaveauDors, mon amour
14%
1991CarolaFångad av en stormvind
14%
1985Bobbysocks!La Det Swinge
14%
1977Marie MyriamL'oiseau et l'enfant
14%
1981Bucks FizzMaking Your Mind Up
14%
1988Céline DionNe partez pas sans moi
14%
1957Corry BrokkenNet als toen
14%
1961Jean-Claude PascalNous les amoureux
14%
1983Corinne HermèsSi la vie est cadeau
14%
1969Frida BoccaraUn jour, un enfant
14%
1962Isabelle AubretUn premier amour
14%

Score Distribution

Percentile by Number Answered

Percent of People with Each Score

Your Score History

You have not taken this quiz since the last reset